书目信息 |
| 题名: |
五月槐花香
|
|
| 作者: | 邹静之, 著 | |
| 分册: | ||
| 出版信息: | 北京 东方出版社 2004.05 |
|
| 页数: | 390页 | |
| 开本: | 21cm | |
| 丛书名: | ||
| 单 册: | ||
| 中图分类: | I247.59 | |
| 科图分类: | ||
| 主题词: | 长篇小说--chang pian xiao shuo--中国--现代 | |
| 电子资源: | ||
| ISBN: | 7-5060-1918-3 | |
| 000 | 00703nam0 2200253 450 | |
| 001 | CAL 012004067188 | |
| 005 | 20050413164229.9 | |
| 010 | @a7-5060-1918-3@dCNY 24.80 | |
| 092 | @bxf04-12-043 | |
| 099 | @aCAL 012004067188 | |
| 100 | @a20040604d2004 ekmy0chiy0121 ea | |
| 101 | 0 | @achi |
| 102 | @aCN@b110000 | |
| 105 | @ay z 000ay | |
| 200 | 1 | @a五月槐花香@Awu yue huai hua xiang@f邹静之著 |
| 210 | @a北京@c东方出版社@d2004.05 | |
| 215 | @a390页@d21cm | |
| 606 | 0 | @a长篇小说@Achang pian xiao shuo@y中国@z现代 |
| 690 | @aI247.59@v4 | |
| 701 | 0 | @a邹静之,@Azou jing zhi@f1952-@4著 |
| 801 | 0 | @aCN@bNUL@c20040623 |
| 905 | @a10447@dI247.59@eZ965 | |
| 906 | @dCNY24.80@n0@r1 | |
| 998 | @aNUL | |
| 五月槐花香/邹静之著.-北京:东方出版社,2004.05 |
| 390页;21cm |
| ISBN 7-5060-1918-3:CNY 24.80 |
| ● |
| 相关链接 |
|
|
|
正题名:五月槐花香
索取号:I247.59/Z965
 
预约/预借
| 序号 | 登录号 | 条形码 | 馆藏地/架位号 | 状态 | 备注 |
| 1 | 533531 | 205335314 | 文学库108/ [索取号:I247.59/Z965] | 在馆 | |
| 2 | 533532 | 205335323 | 文学库108/ [索取号:I247.59/Z965] | 在馆 | |
| 3 | 533533 | 205335332 | 文学库108/ [索取号:I247.59/Z965] | 在馆 |